000 00383 a2200109 4500
001 ART_8517
005 20260410161844.0
008 260409a
245 1 0 _aEfectos de las exportaciones no tradicionales en la distribución del ingreso
100 1 _aDíaz Alejandro, Carlos F.
773 0 _tEl trimestre económico
_g- Vol. XLIV, Nº 174 (abr./jun. 1977)
_wREV6933
999 _c24359
_d24359